000
00342nam a2200145Ia 4500
008
090124s9999 xx 000 0 und d
082
_b
302529
245
_a
इभ्रत
250
_a
1
260
_b
राजे शैलजा
_c
1991
300
_a
152
630
_a
इभ्रत
730
_a
इभ्रत
942
_c
BOOK
999
_c
192166
_d
192166